00284nam a2200121Ia 4500008004100000041000900041082001500050100001700065245002500082260003900107300000800146650000800154230718s9999 xx 000 0 und d aEng. a342bCUM-L aCumpa, Peter 0aLB Cases and Moleuds aPakistanbPaluston low hoursc1999 a419 aLaw